CB Richard Ellis property index. (Record no. 60976)

MARC details
000 -LEADER
fixed length control field 00680cam a2200181 4500
001 - CONTROL NUMBER
control field ABS61254
008 - FIXED-LENGTH DATA ELEMENTS--GENERAL INFORMATION
fixed length control field 000000n 000 0 eng u
035 ## - SYSTEM CONTROL NUMBER
System control number (Sirsi) u101871
245 ## - TITLE STATEMENT
Title CB Richard Ellis property index.
490 ## - SERIES STATEMENT
Series statement South African Valuer
Volume/sequential designation (58) June 1999, 11-12(2)
520 ## - SUMMARY, ETC.
Summary, etc. Reviews the 1998 figures from the CB Richard Ellis property index (CBREPI) for South Africa. Compares the performance of the property market with other financial indices. Tables.
650 ## - SUBJECT ADDED ENTRY--TOPICAL TERM
Topical term or geographic name entry element PROPERTY-COMMERCIAL PROPERTY-COMMERCIAL PROPERTY MARKET
650 ## - SUBJECT ADDED ENTRY--TOPICAL TERM
Topical term or geographic name entry element SOUTH AFRICA
650 ## - SUBJECT ADDED ENTRY--TOPICAL TERM
Topical term or geographic name entry element PROPERTY INDICES
650 ## - SUBJECT ADDED ENTRY--TOPICAL TERM
Topical term or geographic name entry element CBRE
690 ## - LOCAL SUBJECT ADDED ENTRY--TOPICAL TERM (OCLC, RLIN)
Topical term or geographic name as entry element OVERSEAS-REST OF THE WORLD
942 ## - ADDED ENTRY ELEMENTS (KOHA)
Suppress in OPAC 0
Holdings
Withdrawn status Lost status Source of classification or shelving scheme Damaged status Not for loan Home library Current library Shelving location Date acquired Total Checkouts Full call number Barcode Date last seen Copy number Price effective from Koha item type
    Dewey Decimal Classification     London London Journal article 11/11/1999   ABS61254 101871-1001 06/08/2019 1 06/08/2019 Journal article